|
|
|
|
| LEADER |
00000nam1a2200000 4500 |
| 001 |
58343 |
| 005 |
20231031055035.0 |
| 035 |
|
|
|a (RuTPU)RU\TPU\book\61617
|
| 090 |
|
|
|a 58343
|
| 100 |
|
|
|a 20031128g19751978m y0rusy50 ca
|
| 101 |
0 |
|
|a rus
|
| 102 |
|
|
|a RU
|
| 200 |
1 |
|
|a Таблицы констант скорости и равновесия гетеролитических органических реакций
|d Tables of rate and equilibrium constants of heterolytic organic reactions
|e В 5-ти т.
|f Академия Наук СССР; Всесоюзный институт научно-технической информации; Под ред. В. А. Пальма
|
| 210 |
|
|
|a Москва
|c ВИНИТИ
|d 1975-1978
|
| 225 |
1 |
|
|a Общие вопросы органической химии
|
| 702 |
|
1 |
|a Пальм
|b В. А.
|g Виктор Алексеевич
|4 340
|
| 712 |
0 |
2 |
|a Академия наук СССР (АН СССР)
|b Всесоюзный институт научной и технической информации (ВИНИТИ)
|c (Москва)
|2 stltpush
|3 (RuTPU)RU\TPU\col\8361
|
| 801 |
|
1 |
|a RU
|b 63413507
|c 20031128
|g PSBO
|
| 801 |
|
2 |
|a RU
|b 63413507
|c 20140930
|g PSBO
|
| 942 |
|
|
|c BK
|